| 000 | 00897cab a22002055a 4500 | ||
|---|---|---|---|
| 001 | L143436 | ||
| 008 | 080508e20080503xxk f 000 0 eng d | ||
| 035 | _a(Sirsi) u143436 | ||
| 041 | 0 | _aeng | |
| 110 | 2 |
_aEstates Gazette _9298 |
|
| 245 | 0 | 0 |
_aMarking 150 years of EG _bold, older, oldest... |
| 260 | _c2008 | ||
| 490 |
_aEstates Gazette _v(0817) 3 May 2008, 81-87(7) |
||
| 520 | _aFirst in a series of five articles looks at the historical beginnings of top surveying companies, including many RICS firms, over the last three centuries. Examines the history of the oldest company, Drivers Jonas, and its attempts to break free from its traditional image. Includes a family tree. See also part two (L143472), part three (L143568), part four (L143713) and part five (L143890). | ||
| 590 | _aKA | ||
| 651 | 4 |
_aUnited Kingdom _y |
|
| 690 | _aPROPERTY | ||
| 700 | 1 | _aBarnard, Lucy | |
| 942 | _n0 | ||
| 999 |
_c80173 _d80173 |
||